00477nam a22001697a 450000500170000001000150001702000260003203500140005803700090007208200160008110000230009724500570012025000060017726000540018327000500023730000200028720260320141630.0 aENG-148069 a9788194610212c425.00 aEN-131601 bDBAD a613.704621 aSarawati, Maitreyi aYoga in Pre-Columbian Cultures 1/cMaitreyi Sarawati a1 aBiharbYoga publication trust ganga darshanc2020 aYoga publication trust, ganga darshanbMunger a136p.c22cm(pb)